Statistics for South-America Topography - Map Quiz

Click here to take the quiz!

General Stats

  • This quiz has been taken 18 times
  • The average score is 11 of 13

Answers on the Map

Answers color-coded by a green-red scale on the quiz's map according to % correct below.
 

Answer Stats

Answer% Correct
Brazil
100%
Chile
94%
Argentina
89%
Buenos Aires
89%
Colombia
89%
Lima
89%
Peru
89%
Suriname
89%
Venezuela
89%
Bolivia
83%
Santiago
83%
Bogotá
72%
Paramaribo
72%

Score Distribution

Percentile by Number Answered

Percent of People with Each Score

Your Score History

You have not taken this quiz